فيل أبرهة / (رقم التسجيلة. 135793)

تفاصيل مارك
000 -LEADER
fixed length control field 00600nam a22002057a 4500
005 - DATE AND TIME OF LATEST TRANSACTION
control field 20251108175516.0
008 - FIXED-LENGTH DATA ELEMENTS--GENERAL INFORMATION
fixed length control field 250721s2011 xx 000 0 ara d
082 14 - DEWEY DECIMAL CLASSIFICATION NUMBER
Classification number ط/211.84/موس
100 1# - MAIN ENTRY--PERSONAL NAME
Personal name موسى، فتحي
245 10 - TITLE STATEMENT
Title فيل أبرهة /
264 1# - PRODUCTION, PUBLICATION, DISTRIBUTION, MANUFACTURE, AND COPYRIGHT NOTICE
Place of production, publication, distribution, manufacture القاهرة :
Name of producer, publisher, distributor, manufacturer شركة سنابل،
Date of production, publication, distribution, manufacture, or copyright notice 2011.
300 ## - PHYSICAL DESCRIPTION
Extent 12 ص.مص.
490 0# - SERIES STATEMENT
Series statement الحيوان في القرآن
650 17 - SUBJECT ADDED ENTRY--TOPICAL TERM
Topical term or geographic name as entry element قصص القرآن
650 17 - SUBJECT ADDED ENTRY--TOPICAL TERM
Topical term or geographic name as entry element الأطفال
650 17 - SUBJECT ADDED ENTRY--TOPICAL TERM
Topical term or geographic name as entry element التعلم
653 ## - INDEX TERM--UNCONTROLLED
Uncontrolled term أطفال مرحلة متوسطة ( 6 - 9 سنوات )
942 ## - ADDED ENTRY ELEMENTS (KOHA)
Source of classification or shelving scheme Dewey Decimal Classification
Koha item type كتب
المقتنيات
حالة السحب حالة الفقدان مصدر التصنيف حالة التلف غير قابل للإعارة المكتبة الرئيسية المكتبة الحالية موقع الرف تاريخ التزويد الرقم المتسلسل Total Checkouts رقم الإستدعاء الباركود تاريخ آخر ظهور تاريخ الفاتورة نوع المادة (كوها)
    Dewey Decimal Classification     المكتبة المركزية المكتبة المركزية الأطفال 28/07/2025 1647577   ط/211.84/موس PLD00401202 28/07/2025 28/07/2025 كتب
    Dewey Decimal Classification     المكتبة المركزية المكتبة المركزية الأطفال 06/12/2016 1647578   ط/211.84/موس PLD00401325 28/07/2025 06/12/2016 كتب
    Dewey Decimal Classification     المكتبة المركزية المكتبة المركزية مقتنيات قسم التزويد 28/07/2025 1647579   ط/211.84/موس   28/07/2025 28/07/2025 كتب
    Dewey Decimal Classification     مكتبة أبو علندا العامة مكتبة أبو علندا العامة الأطفال 06/12/2016 1647586   ط/211.84/موس PLD00401332 28/07/2025 06/12/2016 كتب
    Dewey Decimal Classification     مكتبة الأميرة ايمان العامة مكتبة الأميرة ايمان العامة الأطفال 06/12/2016 1647580   ط/211.84/موس PLD00401326 28/07/2025 06/12/2016 كتب
    Dewey Decimal Classification     مكتبة البيادر مكتبة البيادر الأطفال 06/12/2016 1647582   ط/211.84/موس PLD00401328 28/07/2025 06/12/2016 كتب
    Dewey Decimal Classification     مكتبة الجويدة مكتبة الجويدة الأطفال 06/12/2016 1647584   ط/211.84/موس PLD00401330 28/07/2025 06/12/2016 كتب
    Dewey Decimal Classification     مكتبة الراية الهاشمية للأطفال مكتبة الراية الهاشمية للأطفال الأطفال 06/12/2016 1647581   ط/211.84/موس PLD00401327 28/07/2025 06/12/2016 كتب
    Dewey Decimal Classification     مكتبة حمزة العامة مكتبة حمزة العامة الأطفال 06/12/2016 1647585   ط/211.84/موس PLD00401331 28/07/2025 06/12/2016 كتب
    Dewey Decimal Classification     مكتبة مرج الحمام مكتبة مرج الحمام الأطفال 06/12/2016 1647583   ط/211.84/موس PLD00401329 28/07/2025 06/12/2016 كتب
Implemented & Customized by: BBB with SCIT (Smart Chains for Information Technology)

Powered by Koha